006710000a22001930004500020001800000041000800018082002000026100002100046245012400067260003700191300001200228001000500240942000700245952012000252999001700372336002700389337003300416338002800449 a0-89638-072-60 aENG04aG 362.292 T991e1 aTyppo, Marion H.10aAn elephant in the living room : A leader's guide for helping childen of alcoholics / Marion H. Typpo, Jill M. Hastings aMinneapolis, MN., USA : CompCare a129 Pag9744 cBK 001040708GENaFUSBCbFUSBCd2005-01-20l0oG 362.292 T991e p13279r2019-12-12 00:00:00t1w2016-01-26yBKB0C3 c39599d39599 atextobtxt2rdacontent 2rdamediaasin mediaciónbn 2rdacarrieravolumenbnc